Flaming furnace, fiery faith / (Record no. 13831)

000 -LEADER
fixed length control field 00692nam a2200193 4500
020 ## - ISBN
ISBN 9789710093250
082 ## - DEWEY DECIMAL CLASSIFICATION NUMBER
Classification number Fil. 224.509505 A4335f 2014
100 ## - MAIN ENTRY--PERSONAL NAME
Personal name Alba-Jones, Beng
245 ## - TITLE STATEMENT
Title Flaming furnace, fiery faith /
Statement of responsibility, etc. retold by Beng Alba-Jones ; illustrated by Beth Parrocha-Doctolero
260 ## - PUBLICATION, DISTRIBUTION, ETC. (IMPRINT)
Place of publication, distribution, etc. Metro Manila
Name of publisher, distributor, etc. OMF Literature Inc.
Date of publication, distribution, etc. c2014
300 ## - PHYSICAL DESCRIPTION
Extent/Page number 31 pages :
Other physical details chiefly colored illustrations ;
Dimensions 22.5 x 17 cm
490 ## - SERIES STATEMENT
Series statement Wow god!
526 ## - STUDY PROGRAM INFORMATION NOTE
PROGRAM TYPE Religion (men’s faith)
SUB-PROGRAM TYPE Bible
650 ## - SUBJECT ADDED ENTRY--TOPICAL TERM
Topical term or geographic name as entry element Bible stories, English -- Juvenile literature
650 ## - SUBJECT ADDED ENTRY--TOPICAL TERM
Topical term or geographic name as entry element Trust in God in the Bible
650 ## - SUBJECT ADDED ENTRY--TOPICAL TERM
Topical term or geographic name as entry element Children's stories, Philippine (English)
650 ## - SUBJECT ADDED ENTRY--TOPICAL TERM
Topical term or geographic name as entry element Children's stories, Tagalog
942 ## - ADDED ENTRY ELEMENTS
Classification
Item type Book
Holdings
Withdrawn status Lost status Source of classification or shelving scheme Damaged status Not for loan Collection code Permanent Location Current Location Shelving location Date acquired Source of acquisition Cost, normal purchase price Full call number Barcode Date last seen Cost, replacement price Price effective from Item type
          Filipiniana Grade School Library Grade School Library Filipiniana 2026-02-04 MIBF 150.00 Fil. 224.509505 A4335f 2014 c1 GS5735 2026-02-04 300.00 2026-02-04 Book
          Filipiniana Grade School Library Grade School Library Filipiniana 2026-02-04 MIBF 150.00 Fil. 224.509505 A4335f 2014 c2 GS5734 2026-02-04 300.00 2026-02-04 Book